| 000 | 00459nam a2200169Ia 4500 | ||
|---|---|---|---|
| 008 | 230711s9999||||xx |||||||||||||| ||und|| | ||
| 020 | _a978-1-4724-2728-1 | ||
| 041 | _aENG | ||
| 082 |
_a720.92 _bJO-S |
||
| 100 | _aJones, Kay Bea | ||
| 245 | 0 | _aSuspending Modernity : The Architecture of Franco Albini | |
| 250 | _a1st Ed. | ||
| 260 |
_c2014 _aNew Jersy _bAshgate Studies in Architecture Series |
||
| 300 | _a347p. | ||
| 650 | _aArchitecture | ||
| 942 | _cBK | ||
| 999 |
_c6081 _d6081 |
||